Automatizované riadenie chemicko-technologických procesov /

Saved in:
Bibliographic Details
Main Authors: Chmúrny, Daniel, 1926- (Author), Prokop, Roman (Author), Bakošová, Monika (Author)
Format: Book
Language:Slovak
Published: Bratislava : Alfa, 1988
Edition:1. vyd.
Series:Edícia chemickej literatúry
ISBN: (viaz.)
Physical Description: 370 s.
Tags: Add Tag
No Tags, Be the first to tag this record!

MARC

LEADER 00000nam a2200000 a 4500
001 000201166
005 20061204135451.0
008 060420s1988 xo e 000 0 sloo
020 |a (viaz.) 
040 |a SVKKK  |b slo  |c SVKKK  |e AACR2 
041 0 |a slo 
044 |a xo  |c SK 
100 1 |a Chmúrny, Daniel,  |d 1926-  |4 aut 
245 1 0 |a Automatizované riadenie chemicko-technologických procesov /  |c Daniel Chmúrny, Roman, Prokop, Monika Bakošová 
250 |a 1. vyd. 
260 |a Bratislava :  |b Alfa,  |c 1988 
300 |a 370 s. 
440 0 |a Edícia chemickej literatúry 
700 1 |a Prokop, Roman  |4 aut 
700 1 |a Bakošová, Monika  |4 aut 
910 |a svkkk 
998 |a BK 
090 |g SCKHL  |k Sklad  |a IV.150954  |j 774901  |i 201166-20  |4 Multiplikát  |s Vyradená 
090 |g SCKHL  |k Sklad  |a IV.150955  |j 774902  |i B90903  |4 Multiplikát  |s Vyradená 
090 |g SCKHL  |k Sklad  |a IV.150958  |j 774905  |i 2720012732  |4 Multiplikát  |s Vyradená 
090 |g SCKHL  |k Sklad Pribinova prízemie  |a IV.132109  |j 774733  |i 201166-10  |s Absenčne 
090 |g SCKHL  |k Sklad Pribinova prízemie  |a IV.150956  |j 774903  |i B90904  |s Absenčne 
090 |g SCKHL  |k Sklad Pribinova prízemie  |a IV.150957  |j 774904  |i B90905  |s Absenčne